Country by Stereotypes - Statistics

General Stats
  • This quiz has been taken 112 times
  • The average score is 15 of 15
Answer Stats
Hint Answer % Correct
Beer, Bratwurst, Oktoberfest Germany
100%
Poverty, Famine, Gandhi India
100%
Sushi, Anime, Technology Japan
100%
Vodka, War, Communism Russia
100%
Eats Dogs, Martial Arts China
99%
Pharaohs, Temples, Sphinx Egypt
99%
Border Hoppers, Drugs Mexico
99%
Romantic, Bullfighting, Fiesta Spain
99%
Boomerangs, Crikey, Sharks Australia
98%
Polite, Hockey, What Else, Eh? Canada
98%
Bad Teeth, Biscuits, Soccer UK
98%
Gods, Gyro, Alexander the Great Greece
97%
Drunk, Loud, Clovers Ireland
97%
Fat, Shotguns, Patriotism USA
97%
Jungle, Crime, Spanish Speaking Brazil
85%
No matching quizzes found
Score Distribution
Percent of People with Each Score
Percentile by Number Answered
Your Score History
You have not taken this quiz